<?xml version="1.0" encoding="UTF-8"?>
<collection xmlns="http://www.loc.gov/MARC21/slim">
 <record>
  <leader>01290nam a2200301 a 4500</leader>
  <controlfield tag="001">6463</controlfield>
  <controlfield tag="003">BD-DhAAL</controlfield>
  <controlfield tag="008">090503s1970    enk           001 0 eng b</controlfield>
  <datafield tag="999" ind1=" " ind2=" ">
   <subfield code="c">316</subfield>
   <subfield code="d">316</subfield>
  </datafield>
  <datafield tag="010" ind1=" " ind2=" ">
   <subfield code="a">\\\75451616 </subfield>
  </datafield>
  <datafield tag="020" ind1=" " ind2=" ">
   <subfield code="a">0853690634</subfield>
  </datafield>
  <datafield tag="040" ind1=" " ind2=" ">
   <subfield code="a">DLC</subfield>
   <subfield code="c">DLC</subfield>
   <subfield code="d">DLC</subfield>
   <subfield code="d">BD-DhAAL</subfield>
  </datafield>
  <datafield tag="082" ind1="0" ind2="0">
   <subfield code="a">615</subfield>
  </datafield>
  <datafield tag="110" ind1="2" ind2=" ">
   <subfield code="a">Pharmaceutical Society of Great Britain.</subfield>
   <subfield code="b">Dept. of Pharmaceutical Sciences.</subfield>
   <subfield code="9">41659</subfield>
  </datafield>
  <datafield tag="245" ind1="1" ind2="0">
   <subfield code="a">Pharmaceutical handbook:</subfield>
   <subfield code="b">incorporating the Pharmaceutical pocket book.</subfield>
   <subfield code="c"> edited by R.G.Todd.</subfield>
  </datafield>
  <datafield tag="250" ind1=" " ind2=" ">
   <subfield code="a">Eighteenth edition</subfield>
  </datafield>
  <datafield tag="260" ind1=" " ind2=" ">
   <subfield code="a">London,</subfield>
   <subfield code="b">Pharmaceutical P.,</subfield>
   <subfield code="c">1970.</subfield>
  </datafield>
  <datafield tag="300" ind1=" " ind2=" ">
   <subfield code="a">iii-xv, 702 pages ;</subfield>
   <subfield code="c">19 cm.</subfield>
  </datafield>
  <datafield tag="350" ind1=" " ind2=" ">
   <subfield code="a">70/-</subfield>
  </datafield>
  <datafield tag="490" ind1="0" ind2=" ">
   <subfield code="a">An Extra pharmacopoeia companion volume</subfield>
  </datafield>
  <datafield tag="500" ind1=" " ind2=" ">
   <subfield code="a">Seventeenth ed., by the Pharmaceutical Society of Great Britain, has title: Pharmaceutical pocket book.</subfield>
  </datafield>
  <datafield tag="541" ind1="1" ind2=" ">
   <subfield code="e">6463</subfield>
  </datafield>
  <datafield tag="650" ind1=" " ind2="0">
   <subfield code="a">Pharmacy</subfield>
   <subfield code="x">Handbooks, manuals, etc.</subfield>
   <subfield code="9">41660</subfield>
  </datafield>
  <datafield tag="650" ind1=" " ind2="2">
   <subfield code="a">Pharmacy.</subfield>
   <subfield code="9">41661</subfield>
  </datafield>
  <datafield tag="710" ind1="2" ind2=" ">
   <subfield code="a">Pharmaceutical Society of Great Britain.</subfield>
   <subfield code="t">Pharmaceutical pocket book.</subfield>
   <subfield code="9">41662</subfield>
  </datafield>
  <datafield tag="852" ind1="4" ind2=" ">
   <subfield code="a">Ayesha Abed Library</subfield>
   <subfield code="c">General Stacks</subfield>
  </datafield>
  <datafield tag="942" ind1=" " ind2=" ">
   <subfield code="2">ddc</subfield>
   <subfield code="c">BK</subfield>
  </datafield>
  <datafield tag="952" ind1=" " ind2=" ">
   <subfield code="0">0</subfield>
   <subfield code="1">0</subfield>
   <subfield code="2">ddc</subfield>
   <subfield code="4">0</subfield>
   <subfield code="6">615_PHA_197000000000000</subfield>
   <subfield code="7">0</subfield>
   <subfield code="9">289</subfield>
   <subfield code="a">BRACUL</subfield>
   <subfield code="b">BRACUL</subfield>
   <subfield code="c">GEN</subfield>
   <subfield code="d">2009-05-03</subfield>
   <subfield code="g">0.00</subfield>
   <subfield code="l">3</subfield>
   <subfield code="m">23</subfield>
   <subfield code="o">615 PHA</subfield>
   <subfield code="p">3010006463</subfield>
   <subfield code="r">2025-02-17</subfield>
   <subfield code="s">2024-12-05</subfield>
   <subfield code="t">1</subfield>
   <subfield code="w">2009-05-03</subfield>
   <subfield code="y">BK</subfield>
   <subfield code="x">No price found in the accession register.</subfield>
  </datafield>
 </record>
</collection>
